Guerre du peuple, armée du peuple / (Record no. 14789)

MARC details
000 -LEADER
campo de control de longitud fija 00794nam a2200253 i 4500
001 - NÚMERO DE CONTROL
campo de control 14789
003 - IDENTIFICADOR DE NÚMERO DE CONTROL
campo de control ES-MaACL
005 - FECHA Y HORA DE LA ÚLTIMA TRANSACCIÓN
campo de control 20230906150906.0
007 - CAMPO FIJO DE DESCRIPCIÓN FÍSICA--INFORMACIÓN GENERAL
campo de control de longitud fija t|
008 - DATOS DE LONGITUD FIJA--INFORMACIÓN GENERAL
campo de control de longitud fija 990607s1967 fr ||||1| fre d
080 ## - NÚMERO DE LA CLASIFICACIÓN DECIMAL UNIVERSAL
Número de la Clasificación Decimal Universal 959.6/8(1946/1954"
080 ## - NÚMERO DE LA CLASIFICACIÓN DECIMAL UNIVERSAL
Número de la Clasificación Decimal Universal 959.7
100 1# - ENTRADA PRINCIPAL--NOMBRE DE PERSONA
Nombre de persona Giap, Vo Nguyen.
9 (RLIN) 56622
245 10 - MENCIÓN DEL TÍTULO
Título Guerre du peuple, armée du peuple /
Mención de responsabilidad, etc. Général V. N. Giap.
260 ## - PUBLICACIÓN, DISTRIBUCIÓN, ETC.
Lugar de publicación, distribución, etc. Paris :
Nombre del editor, distribuidor, etc. François Maspero,
Fecha de publicación, distribución, etc. 1967.
300 ## - DESCRIPCIÓN FÍSICA
Extensión 190 p. ;
Dimensiones 18 cm.
490 1# - MENCIÓN DE SERIE
Mención de serie Petite collection Maspero ;
Designación de volumen o secuencia 14
650 14 - PUNTO DE ACCESO ADICIONAL DE MATERIA--TÉRMINO DE MATERIA
Término de materia o nombre geográfico como elemento de entrada Guerra de Indochina-
Subdivisión cronológica 1946-1954.
9 (RLIN) 13186
651 #4 - PUNTO DE ACCESO ADICIONAL DE MATERIA--NOMBRE GEOGRÁFICO
Nombre geográfico Indochina-
Subdivisión general Historia-
Subdivisión cronológica 1945-
9 (RLIN) 171742
830 1# - PUNTO DE ACCESO ADICIONAL DE SERIE-TÍTULO UNIFORME
Título uniforme Petite collection Maspero ;
Designación de volumen o secuencia 14
9 (RLIN) 179674
852 ## - LOCALIZACIÓN
Ubicación ES-MaACL
Número de control de estantería L-21980
852 ## - LOCALIZACIÓN
Ubicación ES-MaACL
Número de control de estantería AND-821
Nota libre - Biblioteca Juan Andrade
Holdings
Estatus retirado Estado de pérdida Estado de daño No para préstamo Biblioteca de origen Biblioteca actual Ubicación en estantería Fecha de adquisición Fuente de adquisición Total de préstamos Signatura topográfica completa Código de barras Visto por última vez Precio de reemplazo Tipo de ítem Koha
        Biblioteca del Ateneo de Madrid Biblioteca del Ateneo de Madrid Depósito 2 17/01/2008     L-21980 1015039 23/02/2023 23/02/2023 Libro impreso
        Biblioteca del Ateneo de Madrid Biblioteca del Ateneo de Madrid Depósito 2 17/01/2008     AND-821 1015040 23/02/2023 23/02/2023 Libro impreso